India's land forces : (Record no. 125893)

MARC details
000 -LEADER
fixed length control field 00808nam a22002657a 4500
003 - CONTROL NUMBER IDENTIFIER
control field dpl
005 - DATE AND TIME OF LATEST TRANSACTION
control field 20180531134008.0
008 - FIXED-LENGTH DATA ELEMENTS--GENERAL INFORMATION
fixed length control field 180531b xxu||||| |||| 00| 0 eng d
010 ## - LIBRARY OF CONGRESS CONTROL NUMBER
LC control number B-093462
020 ## - INTERNATIONAL STANDARD BOOK NUMBER
Terms of availability 595.00
International Standard Book Number 8170491533
035 ## - SYSTEM CONTROL NUMBER
System control number B-093462, B093463
037 ## - SOURCE OF ACQUISITION
Source of stock number/acquisition Cen Lib/Ret
040 ## - CATALOGING SOURCE
Original cataloging agency DPL
Language of cataloging EN
Transcribing agency 0
082 ## - DEWEY DECIMAL CLASSIFICATION NUMBER
Classification number 365.0954
Item number JAS
100 ## - MAIN ENTRY--PERSONAL NAME
Personal name Jaspal Singh
9 (RLIN) 4682
245 ## - TITLE STATEMENT
Title India's land forces :
Statement of responsibility, etc by Jaspal Singh
Remainder of title structure imperatives /
246 ## - VARYING FORM OF TITLE
Remainder of title
260 ## - PUBLICATION, DISTRIBUTION, ETC. (IMPRINT)
Name of publisher, distributor, etc Manas publications
Date of publication, distribution, etc 2003
Place of publication, distribution, etc New Delhi
270 ## - ADDRESS
City New Delhi
Postal code 110002
Address 24, Ansari road daryaganj
300 ## - PHYSICAL DESCRIPTION
Extent 265p.
Dimensions 20cm(Hb)
500 ## - GENERAL NOTE
General note Includes index
650 ## - SUBJECT ADDED ENTRY--TOPICAL TERM
Topical term or geographic name as entry element National security
9 (RLIN) 34471
650 ## - SUBJECT ADDED ENTRY--TOPICAL TERM
Topical term or geographic name as entry element Armed Forces--Operational readiness
9 (RLIN) 15897
942 ## - ADDED ENTRY ELEMENTS (KOHA)
Source of classification or shelving scheme Dewey Decimal Classification
Koha item type English Books
Classification part 365.0954
Call number suffix JAS
Holdings
Withdrawn status Lost status Damaged status Not for loan Home library Current library Date acquired Source of acquisition Cost, normal purchase price Total Checkouts Full call number Barcode Date last seen Copy number Cost, replacement price Price effective from Koha item type Source of classification or shelving scheme Collection code
        Central Library Central Library 24/06/2015 Cen Lib/Ret 595.00   365.0954 JAS B-093462 24/06/2015 1 595.00 15/09/2016 English Books    
        Shahdara Branch Shahdara Branch 31/05/2018 BPPD/PUB 595.00   365.0954 JAS B-093463 31/05/2018   595.00 31/05/2018 English Books Dewey Decimal Classification Non-fiction

© Delhi Public Library
Hit Counter
free hit counter